00625nam a2200193Ia 4500008004100000020001800041082001800059100001700077245003900094250000700133260004100140300003200181500001900213600002000232650002000252942000700272952013500279999001700414240925s9999 xx 000 0 und d a9788131509791 a332.10973 MAD aMadura, Jeff 0aFinancial Markets and Institutions aNA aNew Delhi:bCengage Learningc,2008. aVarious pagesbNAfOriginal aIncludes Index aSocial Sciences aSocial Sciences cBK 001040708SSaUITUbUITUd2018-12-26eBismillah BookDepotg790.00l0o332.10973 MADpQ12811r2024-09-25 07:16:38w2024-09-25yBK c15310d15310